000 00287nam a22001337a 4500
008 170306b xxu||||| |||| 00| 0 eng d
020 _a2900071102093
041 _aeng
080 _22ND
_a611
100 _a6
101 _aSHM
245 _aHUMAN ANATOMY
_cSALADIN, K.S
942 _2udc
_cBK
999 _c6853
_d6853